00683nam a22001817a 4500003000800000005001700008008004100025040002100066082001500087110002000102245013200122260004000254300002100294650001600315942001300331999001900344952013800363BD-DhUL20170419162448.0170419s1962 enk |||| |||| 00| 0 eng d aBD-DhULcBD-DhUL a341.2bUNS1 aUnited Nations.10aStatistics of treaties and international agreements :bregistred or filed and recorded with the secreariat during August 1962 / aNew York :bUnitied Nations,c1962. a23 p. ; c28 cm. 0aAgreements. 2ddccREF c188534d188534 00102ddc406341_200000000000000_UNS718REF9324875aDULbDULcUNCd2017-04-19eGifto341.2 UNSpD2050r2017-04-19w2017-04-19yREF